000 00385 a2200169 4500
001 184642
020 _a85-262-1929-4
040 _cMagnum
100 _aJoly, Fanny
240 1 0 _aQuem tem medo de monstro?
_lpor
245 1 0 _aQuem tem medo de monstro?
300 _a29
362 0 _a1996
440 1 _aScipione
697 _aLITERATURA INFANTO-JUVENIL ESTRANGEIRA
942 _cBK
999 _c184642
_d184642